Estegosaurio / (Registro nro. 32838)
[ vista simple ]
| 000 -CABECERA | |
|---|---|
| Longitud fija campo de control | 00978nam a2200313 a 4500 |
| 003 - • IDENTIFICADOR DELl NÚMERO DE CONTROL | |
| Identificador del número de control | CO-ViMGA |
| 005 - • FECHA Y HORA DE LA ÚLTIMA TRANSACCIÓN | |
| Fecha y hora de la última transacción | 20230915232047.0 |
| 008 - • CÓDIGOS DE INFORMACIÓN DE LONGITUD FIJA | |
| Códigos de información de longitud fija | 141112s2004 ck r 000 u spa d |
| 017 ## - NÚMERO DE COPYRIGHT O DE DEPÓSITO LEGAL | |
| Número de copyright o de depósito legal | B 29201 - 2012 Oficina Depósito Legal Barcelona |
| 020 ## - • NÚMERO INTERNACIONAL NORMALIZADO PARA LIBROS | |
| Número Internacional Normalizado para Libros (ISBN) | 9788426374738 |
| 040 ## - FUENTE DE LA CATALOGACIÓN | |
| Centro catalogador de origen | CO-ViMGA |
| Lengua de catalogación | spa |
| Centro transcriptor | CO-ViMGA |
| 080 ## - NÚMERO DE LA CLASIFICACIÓN DECIMAL UNIVERSAL | |
| Número de la Clasificación Decimal Universal | 087.5 : 82 |
| 100 1# - • PUNTO DE ACCESO PRINCIPAL-NOMBRE DE PERSONA | |
| Nombre de persona | Schever, Rikky |
| 245 10 - • TITULO PROPIAMENTE DICHO | |
| Título | Estegosaurio / |
| Mención de responsabilidad, etc. | Rikky Schever, ilustraciones Maat Baay, traducción Celia Turrión Penelas |
| 300 ## - • DESCRIPCIÓN FÍSICA | |
| Extensión | [7 h] : il. |
| 336 ## - TIPO DE CONTENIDO | |
| Término de tipo de contenido | Imagen (fija ; bidimensional ; visual) Texto (visual) |
| 337 ## - TIPO DE MEDIO | |
| Nombre del tipo de medio | sin mediación |
| 500 ## - • NOTA GENERAL | |
| Nota general | Libro en espuma, troquelado |
| 650 14 - • PUNTO DE ACCESO ADICIONAL DE MATERIA - TÉRMINO DE MATERIA | |
| Término de materia o nombre geográfico como elemento inicial | Dinosaurios - cuentos infantiles |
| 700 1# - • PUNTO DE ACCESO ADICIONAL - NOMBRE DE PERSONA | |
| Nombre de persona | Baay, Matt, tr. |
| 926 ## - | |
| -- | BNALCALA SG_PETANTI 12/913046 FONDO_MODE 1 |
| 942 ## - ENTRADA DE ELEMENTOS AGREGADOS (KOHA) | |
| Fuente de clasificaión o esquema | Dewey Decimal Classification |
| Koha [por defecto] tipo de item | LIbro |
| 956 ## - LOCALIZACIÓN Y ACCESO ELECTRÓNICO LOCAL (OCLC) | |
| Nombre de la fuente | 2 |
| Perdido | Fuente de clasificación o esquema | Estado Físico | No para préstamo | Forma de adquisición | Localización permanente | Localización actual | Fecha adquisición | Serie de enumeración / cronolog&íacute;a | Préstamos totales | Signatura completa | Código de barras | Fecha última consulta | Número de copia | Fecha del precio de reemplazo | Tipo de item de Koha |
|---|---|---|---|---|---|---|---|---|---|---|---|---|---|---|---|
| Dewey Decimal Classification | Sala Infantil Segundo Piso | Biblioteca Pública Germán Arciniegas - Villavicencio | Biblioteca Pública Germán Arciniegas - Villavicencio | 12/04/2015 | 28/ago/2013 | SCHe | 26160 | 12/04/2015 | Ej. 1 | 12/04/2015 | LIbro |